Sports Quiz

Random Sports or City Quiz

Champions League Cities Quiz Stats

 Plays Quiz not verified by Sporcle

Challenge
Share
Tweet
Embed
Score 0/108 Timer 15:00
0 Plays Today
Country City % Correct
UKLondon
98.8%
UKManchester
97.9%
UKLiverpool
95%
NetherlandsAmsterdam
92%
SpainMadrid
91.4%
SpainBarcelona
90.1%
FranceParis
87.7%
ItalyRome
85.6%
ItalyMilan
84.9%
GermanyMunich
84.1%
BelgiumAnderlecht
82.6%
UKNewcastle upon Tyne
81%
RussiaMoscow
80.9%
FranceLyon
80.9%
PortugalLisbon
80.8%
SpainValencia
80.6%
FranceMarseille
80.2%
MonacoMonaco
79.8%
ItalyTurin
79.1%
UkraineKiev
76.8%
UKLeeds
76.5%
AustriaVienna
76.4%
PortugalPorto
76%
Czech RepublicPrague
75.8%
NetherlandsRotterdam
75.2%
DenmarkCopenhagen
74%
TurkeyIstanbul
73.5%
GermanyBerlin
73.4%
GermanyDortmund
73.2%
PolandWarsaw
73.1%
SpainSeville
72.2%
RussiaSaint Petersburg
72%
GreeceAthens
71.6%
HungaryBudapest
69.6%
NetherlandsEindhoven
69.3%
SwitzerlandZürich
68.6%
Country City % Correct
FinlandHelsinki
68%
SwedenStockholm
67.9%
FranceLille
67%
UKGlasgow
65.9%
IsraelTel Aviv
65.9%
RomaniaBucharest
65.5%
GermanyHamburg
65.1%
CroatiaZagreb
64.6%
SwitzerlandBasel
64.1%
ItalyNaples
63.9%
FranceBordeaux
63.8%
SpainBilbao
61.6%
UkraineDonetsk
61.4%
SerbiaBelgrade
60%
ItalyFlorence
57.8%
BulgariaSofia
57.1%
UKBlackburn
57.1%
CyprusNicosia
57%
SpainA Coruña
56.1%
GermanyStuttgart
55.7%
SlovakiaBratislava
55.5%
GermanyBremen
54%
SpainMálaga
52.9%
AustriaSalzburg
52.4%
PortugalBraga
51.1%
BelgiumLiège
51.1%
FranceNantes
50.8%
NetherlandsAlkmaar
48.9%
BelgiumGenk
48.7%
GermanyWolfsburg
48.2%
IsraelHaifa
48.1%
FranceMontpellier
47.8%
SpainVillarreal
46.6%
RussiaKazan
46%
CroatiaSplit
45.4%
GermanyLeverkusen
45%
Country City % Correct
SwedenGothenburg
44.9%
GermanyGelsenkirchen
44%
RomaniaCluj-Napoca
42.6%
ItalyUdine
42%
BelgiumBruges
41.7%
AustriaGraz
38.7%
ItalyParma
38.4%
BelarusBarysaw
36.2%
FranceAuxerre
35.4%
TurkeyBursa
34.9%
FranceLens, Pas-de-Calais
34.3%
SpainVigo
33.5%
DenmarkAalborg
32.1%
NorwayTrondheim
30.9%
Czech RepublicPlzeň
30.4%
GermanyKaiserslautern
29%
NetherlandsEnschede
28.6%
TurkeyTrabzon
28.5%
SloveniaMaribor
28.3%
SpainDonostia-San Sebastián
26.6%
PolandŁódź
26.5%
NetherlandsHeerenveen
24.5%
HungaryDebrecen
24.2%
GreecePiraeus
23.3%
NorwayMolde
22.2%
SpainPalma, Majorca
21.1%
SwitzerlandThun
20.8%
SwedenHelsingborg
18.4%
BelgiumLier
17.1%
SlovakiaŽilina
16.1%
SlovakiaKošice
15.4%
NetherlandsTilburg
14.5%
RomaniaGalați
14.1%
RomaniaUrziceni
12.5%
CyprusLarnaca
11.7%
DenmarkFarum
5%

You're not logged in!

Compare scores with friends on all Sporcle quizzes.
OR
Log In

You Might Also Like...

Show Comments

Extras

Top Quizzes Today


Score Distribution

Your Account Isn't Verified!

In order to create a playlist on Sporcle, you need to verify the email address you used during registration. Go to your Sporcle Settings to finish the process.

Report this User

Report this user for behavior that violates our Community Guidelines.

Details: